The Brooklyn nine : (Record no. 2530)

MARC details
000 -LEADER
fixed length control field 01036cam a2200289 a 4500
005 - DATE AND TIME OF LATEST TRANSACTION
control field 20231214100356.0
020 ## - INTERNATIONAL STANDARD BOOK NUMBER
International Standard Book Number 9780803732247 (hardcover) :
Terms of availability $16.99
020 ## - INTERNATIONAL STANDARD BOOK NUMBER
International Standard Book Number 0803732244 (hardcover) :
Terms of availability $16.99
020 ## - INTERNATIONAL STANDARD BOOK NUMBER
International Standard Book Number 9780545240840
040 ## - CATALOGING SOURCE
Original cataloging agency DLC
Transcribing agency DLC
Modifying agency BTCTA
-- BAKER
-- YDXCP
-- TEF
-- IG#
-- EHH
-- CQU
-- DLC
Language of cataloging eng
050 00 - LIBRARY OF CONGRESS CALL NUMBER
Classification number PZ7.G77224
Item number Br 2009
082 ## - DEWEY DECIMAL CLASSIFICATION NUMBER
Classification number 813.6
100 1# - MAIN ENTRY--PERSONAL NAME
Personal name Gratz, Alan
Dates associated with a name 1972-
245 14 - TITLE STATEMENT
Title The Brooklyn nine :
Remainder of title a novel in nine innings /
Statement of responsibility, etc. by Alan Gratz
250 ## - EDITION STATEMENT
Edition statement First Scholastic printing, January 2010
260 ## - PUBLICATION, DISTRIBUTION, ETC.
Place of publication, distribution, etc. New York :
Name of publisher, distributor, etc. Scholastic,
Date of publication, distribution, etc. 2009
300 ## - PHYSICAL DESCRIPTION
Extent 299 pages :
Dimensions 22 cm.
505 ## - FORMATTED CONTENTS NOTE
Formatted contents note R
520 ## - SUMMARY, ETC.
Summary, etc. Follows the fortunes of a German immigrant family through nine generations, beginning in 1845, as they experience American life and play baseball.
521 ## - TARGET AUDIENCE NOTE
Target audience note 840
Source Lexile
521 ## - TARGET AUDIENCE NOTE
Target audience note R
Source Raz-Plus
650 #0 - SUBJECT ADDED ENTRY--TOPICAL TERM
Topical term or geographic name entry element Baseball
General subdivision History
Form subdivision Juvenile fiction.
650 #1 - SUBJECT ADDED ENTRY--TOPICAL TERM
Topical term or geographic name entry element Baseball
General subdivision History
Form subdivision Fiction.
906 ## - LOCAL DATA ELEMENT F, LDF (RLIN)
a 7
b cbc
c orignew
d 1
e ecip
f 20
g y-gencatlg
942 ## - ADDED ENTRY ELEMENTS (KOHA)
Source of classification or shelving scheme Dewey Decimal Classification
Koha item type Books
Suppress in OPAC No
999 ## -
-- 2530
-- 2530
Holdings
Withdrawn status Lost status Source of classification or shelving scheme Damaged status Not for loan Collection Home library Current library Shelving location Date acquired Total Checkouts Full call number Barcode Date last seen Copy number Price effective from Koha item type Date last checked out
    Dewey Decimal Classification     Fiction Footprints International School Library Network Toul Kork Campus Footprints International School Library Network Toul Kork Campus TTP Secondary Fiction Bookshelves 12/14/2023   GRA 813.6 PZ7.L15956 FISSE00704 12/14/2023 1 12/14/2023 Books  
    Dewey Decimal Classification     Fiction Footprints International School Library Network Toul Kork Campus Footprints International School Library Network Toul Kork Campus TTP Secondary Fiction Bookshelves 12/14/2023 1 GRA 813.6 PZ7.L15956 FISSE00705 03/04/2024 2 12/14/2023 Books 01/08/2024